Syria and Lebanon / (Record no. 21423)

MARC details
000 -LEADER
fixed length control field 00897cam a22003011 4500
001 - CONTROL NUMBER
control field 7535789
003 - CONTROL NUMBER IDENTIFIER
control field BDDh-ASL
005 - DATE AND TIME OF LATEST TRANSACTION
control field 20231015030007.0
008 - FIXED-LENGTH DATA ELEMENTS--GENERAL INFORMATION
fixed length control field 770315s1965 xx ab b 001 0 eng
010 ## - LIBRARY OF CONGRESS CONTROL NUMBER
LC control number 66045929
015 ## - NATIONAL BIBLIOGRAPHY NUMBER
National bibliography number GB65-12213
035 ## - SYSTEM CONTROL NUMBER
System control number (OCoLC)2805558
040 ## - CATALOGING SOURCE
Original cataloging agency DLC
Transcribing agency PU
Modifying agency OCoLC
-- Uk
-- DLC
-- BDDh-ASL
042 ## - AUTHENTICATION CODE
Authentication code premarc
050 00 - LIBRARY OF CONGRESS CALL NUMBER
Classification number DS94
Item number .F4 1965
082 ## - DEWEY DECIMAL CLASSIFICATION NUMBER
Classification number 327.5691
Item number FES
100 1# - MAIN ENTRY--PERSONAL NAME
Personal name Fedden, Robin,
Dates associated with a name 1908-1977.
245 10 - TITLE STATEMENT
Title Syria and Lebanon /
Statement of responsibility, etc. [by] Robin Fedden.
250 ## - EDITION STATEMENT
Edition statement [3d ed.
260 ## - PUBLICATION, DISTRIBUTION, ETC.
Place of publication, distribution, etc. London]
Name of publisher, distributor, etc. Murray
Date of publication, distribution, etc. [1965]
300 ## - PHYSICAL DESCRIPTION
Extent xii, 276 p.
Other physical details illus., maps.
Dimensions 23 cm.
500 ## - GENERAL NOTE
General note Previous editions published under title: Syria; an historical appreciation.
504 ## - BIBLIOGRAPHY, ETC. NOTE
Bibliography, etc. note Bibliography: p. [259]-262.
651 #0 - SUBJECT ADDED ENTRY--GEOGRAPHIC NAME
Geographic name Syria
General subdivision History.
651 #0 - SUBJECT ADDED ENTRY--GEOGRAPHIC NAME
Geographic name Lebanon
General subdivision History.
906 ## - LOCAL DATA ELEMENT F, LDF (RLIN)
a 7
b cbc
c oclcrpl
d u
e ncip
f 19
g y-gencatlg
942 ## - ADDED ENTRY ELEMENTS (KOHA)
Source of classification or shelving scheme Dewey Decimal Classification
Koha item type Books
Holdings
Withdrawn status Lost status Source of classification or shelving scheme Damaged status Not for loan Collection code Home library Current library Shelving location Date acquired Source of acquisition Total Checkouts Full call number Barcode Date last seen Copy number Price effective from Koha item type
    Dewey Decimal Classification     Non-fiction Asiatic Society Library Asiatic Society Library General Stacks 02/01/2021 ASB Collection   327.5691 FES 105136 02/01/2021 C-1 02/01/2021 Books

Powered by Koha